| 000 | 00630nam a2200169 a 4500 | ||
|---|---|---|---|
| 001 | 000030811 | ||
| 005 | 20200930062526.0 | ||
| 008 | 110404s1981 dr 000 0 spa d | ||
| 040 |
_aDO-SdBNP _bspa _cBNPHU |
||
| 082 |
_axxxx _bR444m |
||
| 111 | 2 |
_aReunión de Técnicos de Bancos Centrales del Continente Américano _n(18a : _d1981, nov. 1-6 : _cSanto Domingo) _957361 |
|
| 245 | 1 | 0 |
_aEvolución reciente de la balanza de pagos en las Bahamas / _cSimóm F. Rodehm. |
| 260 |
_aSanto Domingo : _bBanco Central del la República Dominicana, _c1981. |
||
| 300 |
_a31 p. ; _c28 cm. |
||
| 700 | 1 |
_aRodehm, Simóm F. _957362 |
|
| 049 | _aBNPD | ||
| 999 |
_c30303 _d30303 |
||